Klasifikácia obrázkov komponentov historických rukou písaných šifrovacích kľúčov pomocou umelej inteligencie

Salvato in:
Dettagli Bibliografici
Autore principale: Čurillová, Emília (Autore)
Altri autori: Marochok, Stanislav (Relatore della tesi)
Natura: Manoscritto Libro
Lingua:slovacco
Pubblicazione: Bratislava : STU v Bratislave FEI, 2025
Soggetti:
Accesso online:https://opac.crzp.sk/?fn=detailBiblioFormChildSTMEJ&sid=BA75C2D62745AD5727E5919ED92F&seo=CRZP-detail-kniha
Tags: Aggiungi Tag
Nessun Tag, puoi essere il primo ad aggiungerne!!

MARC

LEADER 00000ntm a22000003a 4500
001 stuzp103449
003 SK-STU
005 20251105133615.7
007 ta
008 150427s2015----xo-----f-mn---000-0-slo-d
040 |a STU  |b slo 
041 0 |a slo 
044 |a xo 
100 1 |a Čurillová, Emília  |u 035000  |4 aut  |U FEI Fakulta elektrotechniky a informatiky  |T FEI Ústav informatiky a matematiky  |X 120400  |U E050  |Y 816  |7 120400 
242 0 1 |a Classification of images of components from historical handwritten encryption cipher keys using artificial intelligence  |y eng 
245 1 0 |a Klasifikácia obrázkov komponentov historických rukou písaných šifrovacích kľúčov pomocou umelej inteligencie 
260 |a Bratislava :  |b STU v Bratislave FEI,  |c 2025 
300 |a 102 s. 
650 4 |a konvolučné neurónové siete  |2 slo 
650 4 |a klasifikácia obrazu  |2 slo 
650 4 |a nomenklátor  |2 slo 
650 4 |a nomenclator  |2 eng 
650 4 |a image classification  |2 eng 
650 4 |a convolutional neural networks  |2 eng 
700 1 |a Marochok, Stanislav  |u 035000  |k Z3  |4 ths  |U FEI Fakulta elektrotechniky a informatiky  |T FEI Ústav informatiky a matematiky  |X 93800  |U E050  |Y 816  |7 93800 
856 4 |u https://opac.crzp.sk/?fn=detailBiblioFormChildSTMEJ&sid=BA75C2D62745AD5727E5919ED92F&seo=CRZP-detail-kniha